Statistics for Harry Potter Trivia

Click here to take the quiz!

General Stats

  • This quiz has been taken 22 times
    (20 since last reset)
  • The average score is 10 of 14

Answer Stats

QuestionAnswer% Correct
Who is Prongs?James
91%
Name of the third oldest Weasley brotherPercy Weasley
91%
Year The Battle of Hogwarts took place1998
82%
When is Harry Potter's birthday?31st July
82%
Who turned Bill Weasley into a werewolf?Greyback
82%
What was Harry Potter's wand made of?Hollywood
82%
Whose Chocolate Frog Card did Harry get on his first train journey to Hogwarts?Albus Dumbledore
73%
Who slips Tom Riddle's diary into Ginny's cauldron in The Chamber of Secrets?Lucius Malfoy
73%
Divination teacher's name(this one's purely for the spelling heh)Trelawney
73%
What does Dumbledore see in the Mirror of Erised?A pair of socks
64%
What is Ginny Weasley's Patronus?Horse
64%
What is the full name of Nearly Headless Nick?Sir Nicholas de Mimsy Porpington
64%
What is the name of the Care of Magical Creatures textbook introduced by Hagrid?The Monster Book of Monsters
45%
Trick question: Green appleDraco Malfoy
36%

Score Distribution

Percentile by Number Answered

Percent of People with Each Score

Your Score History

You have not taken this quiz since the last reset